Devinez la Capitale Mystère #72 - Statistiques

Statistiques générales
  • Ce quiz a été pris 132 fois
  • Le résultat moyen est 33 sur 37
Statistiques - réponses
Type de Réponse Réponse % Correct
Lettre Trouvée L
99%
Lettre de l'Alphabet R
99%
Lettre de l'Alphabet S
99%
Lettre de l'Alphabet A
98%
Lettre Trouvée E
98%
Lettre Trouvée N
98%
Lettre Trouvée O
98%
Lettre Trouvée I
97%
Lettre de l'Alphabet B
95%
Lettre de l'Alphabet P
95%
Lettre de l'Alphabet U
95%
Lettre Trouvée T
94%
Lettre de l'Alphabet M
93%
Lettre de l'Alphabet D
92%
Lettre de l'Alphabet C
88%
Lettre Bien Placée E
88%
Lettre Trouvée G
88%
Lettre Bien Placée I
88%
Lettre de l'Alphabet K
88%
Lettre de l'Alphabet H
87%
Lettre Bien Placée N
86%
Lettre de l'Alphabet V
85%
Lettre Bien Placée L
84%
Lettre Bien Placée L
84%
Lettre de l'Alphabet X
84%
Lettre Bien Placée G
82%
Lettre de l'Alphabet J
82%
Lettre de l'Alphabet Y
82%
Lettre Bien Placée T
81%
Lettre Bien Placée O
80%
Lettre Trouvée W
80%
Lettre de l'Alphabet Z
80%
Lettre Bien Placée N
79%
Lettre Bien Placée W
79%
Lettre de l'Alphabet F
78%
Lettre de l'Alphabet Q
77%
Capitale Mystère Wellington
77%
Aucun quiz correspondant
Distribution des résultats
% des personnes avec chaque résultat
Percentile par nombre de réponses
Votre historique - résultats
Vous n’avez pas pris ce quiz